Etudes mésopotamiennes: recueil de textes offerts à Jean-Louis Huot
| Contributors: | ; |
|---|---|
| Format: | Print Book |
| Language: | English French |
| Subito Delivery Service: | Order now. |
| Check availability: | HBZ Gateway |
| WorldCat: | WorldCat |
| Interlibrary Loan: | Interlibrary Loan for the Fachinformationsdienste (Specialized Information Services in Germany) |
| Published: |
Paris
Éd. Recherche sur les Civilisations
2001
|
| In: |
Bibliothèque de la Délégation Archéologique Française en Iraq (10)
Year: 2001 |
| Series/Journal: | Bibliothèque de la Délégation Archéologique Française en Iraq
10 |
| Standardized Subjects / Keyword chains: | B
Mesopotamia
/ Archaeology
B Mesopotamia / History |
| Further subjects: | B
Collection of essays
B Festschrift B Huot, Jean-Louis 1939- |
| Online Access: |
Table of Contents |
MARC
| LEADER | 00000cam a2200000 c 4500 | ||
|---|---|---|---|
| 001 | 1627366768 | ||
| 003 | DE-627 | ||
| 005 | 20251225203446.0 | ||
| 007 | tu | ||
| 008 | 020729s2001 xx ||||| 00| ||eng c | ||
| 020 | |a 286538280X |9 2-86538-280-X | ||
| 024 | 3 | |a 9782865382804 | |
| 035 | |a (DE-627)1627366768 | ||
| 035 | |a (DE-576)100010040 | ||
| 035 | |a (DE-599)BSZ100010040 | ||
| 035 | |a (OCoLC)50339046 | ||
| 040 | |a DE-627 |b ger |c DE-627 |e rakwb | ||
| 041 | |a eng |a fre | ||
| 082 | 0 | |a 935 | |
| 084 | |a 6,14 |a 6,22 |a 6,22 |2 ssgn | ||
| 191 | |a 1 | ||
| 245 | 0 | 0 | |a Etudes mésopotamiennes |b recueil de textes offerts à Jean-Louis Huot |c contributions réunis par Catherine Breniquet ... |
| 264 | 1 | |a Paris |b Éd. Recherche sur les Civilisations |c 2001 | |
| 300 | |a 517 S. |b Ill., Kt. | ||
| 336 | |a Text |b txt |2 rdacontent | ||
| 337 | |a ohne Hilfsmittel zu benutzen |b n |2 rdamedia | ||
| 338 | |a Band |b nc |2 rdacarrier | ||
| 490 | 1 | |a Bibliothèque de la Délégation Archéologique Française en Iraq |v 10 | |
| 500 | |a Festschrift Jean-Louis Huot. - Beitr. teilw. engl., teilw. franz | ||
| 583 | 1 | |a Archivierung/Langzeitarchivierung gewährleistet |f SSG |x XA-DE-BW |2 pdager |5 DE-21 | |
| 583 | 1 | |a Archivierung/Langzeitarchivierung gewährleistet |f SSG |x XA-DE-BW |2 pdager |5 DE-16 | |
| 655 | 7 | |a Aufsatzsammlung |0 (DE-588)4143413-4 |0 (DE-627)105605727 |0 (DE-576)209726091 |2 gnd-content | |
| 655 | 7 | |a Festschrift |0 (DE-588)4016928-5 |0 (DE-627)104400986 |0 (DE-576)208917802 |2 gnd-content | |
| 689 | 0 | 0 | |d g |0 (DE-588)4038788-4 |0 (DE-627)106230603 |0 (DE-576)20903209X |2 gnd |a Mesopotamien |
| 689 | 0 | 1 | |d s |0 (DE-588)4002827-6 |0 (DE-627)104459425 |0 (DE-576)208848878 |2 gnd |a Archäologie |
| 689 | 0 | |5 (DE-627) | |
| 689 | 1 | 0 | |d g |0 (DE-588)4038788-4 |0 (DE-627)106230603 |0 (DE-576)20903209X |2 gnd |a Mesopotamien |
| 689 | 1 | 1 | |q z |2 gnd |a Geschichte |
| 689 | 1 | |5 (DE-627) | |
| 700 | 1 | |a Breniquet, Catherine |e Hrsg. |4 edt | |
| 700 | 1 | |e GefeierteR |0 (DE-588)143535110 |0 (DE-627)704520931 |0 (DE-576)16152298X |4 hnr |a Huot, Jean-Louis |d 1939- | |
| 810 | 2 | |a Délégation Archéologique Française en Iraq |t Bibliothèque de la Délégation Archéologique Française en Iraq |v 10 |9 10 |w (DE-627)168804794 |w (DE-576)016716205 |w (DE-600)848317-6 |7 am | |
| 856 | 4 | 2 | |u https://swbplus.bsz-bw.de/bsz100010040inh.htm |m V:DE-576 |q application/pdf |v 2007-07-13 |3 Inhaltsverzeichnis |7 1 |
| 935 | |a mteo | ||
| 951 | |a BO | ||
| ACO | |a 1 | ||
| BIB | |a 1 | ||
| ELC | |b 1 | ||
| ITA | |a 1 |t 1 | ||
| LOK | |0 000 xxxxxcx a22 zn 4500 | ||
| LOK | |0 001 3269801580 | ||
| LOK | |0 003 DE-627 | ||
| LOK | |0 004 1627366768 | ||
| LOK | |0 005 20021104000000 | ||
| LOK | |0 008 021104||||||||||||||||ger||||||| | ||
| LOK | |0 040 |a DE-21 |c DE-627 |d DE-21 | ||
| LOK | |0 852 |a DE-21 | ||
| LOK | |0 852 1 |c 42 B 1029 |9 00 | ||
| LOK | |0 935 |a vord |a theo | ||
| LOK | |0 936ln |a t16.3 | ||
| LOK | |0 939 |a 04-11-02 |b l01 | ||
| LOK | |0 000 xxxxxcx a22 zn 4500 | ||
| LOK | |0 001 3269801661 | ||
| LOK | |0 003 DE-627 | ||
| LOK | |0 004 1627366768 | ||
| LOK | |0 005 20100407164144 | ||
| LOK | |0 008 041130||||||||||||||||ger||||||| | ||
| LOK | |0 040 |a DE-21-11 |c DE-627 |d DE-21-11 | ||
| LOK | |0 541 |e A2003-022 | ||
| LOK | |0 852 |a DE-21-11 | ||
| LOK | |0 852 1 |c AOR Sb AO Huot 1 |m p |9 00 | ||
| LOK | |0 935 |a k011 |a aori | ||
| LOK | |0 938 |k p | ||
| LOK | |0 939 |a 30-11-04 |b l01 | ||
| ORI | |a SA-MARC-ixtheoa001.raw | ||
| REL | |a 1 | ||
| STA | 0 | 0 | |a Archaeology,Archaeology,Archeology,History,History,History in art,Mesopotamia,Mesopotamia,Northern Mesopotamia |
| STB | 0 | 0 | |a Archéologie,Archéologie,Histoire,Histoire,Histoire |
| STC | 0 | 0 | |a Arqueología,Arqueología,Historia,Historia,Historia |
| STD | 0 | 0 | |a Archeologia,Archeologia,Storia,Storia |
| STE | 0 | 0 | |a 历史,史,考古学,考古学 |
| STF | 0 | 0 | |a 歷史,史,考古學,考古學 |
| STG | 0 | 0 | |a Arqueologia,Arqueologia,História,História |
| STH | 0 | 0 | |a Археология (мотив),Археология,История (мотив),История |
| STI | 0 | 0 | |a Αρχαιολογία (μοτίβο),Αρχαιολογία,Ιστορία (μοτίβο),Ιστορία |
| SUB | |a BIB |a REL | ||
| SYG | 0 | 0 | |a Zweistromland,Zwischenstromland , Archaeology,Altertumskunde , Zweistromland,Zwischenstromland , History,Geschichtliche Epoche,Historical development,Historische Entwicklung,Landesgeschichte,Regionalgeschichte,Ortsgeschichte,Zeitgeschichte |



